| 000 | 00751nam a22002657a 4500 | ||
|---|---|---|---|
| 001 | 8467 | ||
| 003 | FISKH | ||
| 005 | 20250915103034.0 | ||
| 008 | 250915b cb ||||| |||| 00| 0 eng d | ||
| 020 | _a9781420745511 | ||
| 040 |
_aFISKH _beng _cFISKH _dFISKH |
||
| 050 | _aPZ7 | ||
| 082 | _a590 | ||
| 100 | _aRushby, Pam | ||
| 245 |
_aSecondhand dog / _cWritten by Pam Rushby : Illustrated by Bettina Guthridge |
||
| 260 |
_aMarlborough : _bSundance Publishing , _c2015. |
||
| 300 |
_a24 pages : _bcolor illustrations ; _c19 cm . |
||
| 490 | _a Smart steps | ||
| 505 | _aK | ||
| 521 | 8 |
_a510
_bLexile estimate |
|
| 521 | 8 |
_aK
_bRaz-Plus |
|
| 700 |
_aGuthridge, Bettina _eIllustrator |
||
| 942 |
_2ddc _cBK _n0 |
||
| 999 |
_c8467 _d8467 |
||